Hypotéza lásky /
Debutový román z pera americké autorky a neurovědkyně italského původu se pokouší přiblížit a definovat "hypotézu lásky", rodící se pochopitelně v prostředí vědy a výzkumu.
Uloženo v:
| Série: | Hypotéza lásky,
část 1 |
|---|---|
| Hlavní autor: | |
| Další autoři: | |
| Médium: | E-kniha |
| Jazyk: | Czech |
| Vydáno: |
Praha :
Ikar,
2023
|
| Vydání: | Vydání první |
| Témata: | |
| Příbuzné jednotky: | Z cyklu::
Hypotéza lásky |
| Tagy: |
Žádné tagy |
| LEADER | 02648nam a2200457 i 4500 | ||
|---|---|---|---|
| 001 | 311834 | ||
| 003 | CZ PrSKC | ||
| 005 | 20260601215712.0 | ||
| 007 | ta | ||
| 008 | 230210s2023 xr g 000 f cze | ||
| 015 | |a cnb003471112 | ||
| 020 | |a 9788024950020 |q (brožováno) | ||
| 035 | |a (OCoLC)1375350379 | ||
| 040 | |a ABG001 |b cze |d ABA001 |e rda | ||
| 041 | 1 | |a cze |h eng | |
| 072 | 7 | |a 821.111(73)-3 |x Americká próza |2 Konspekt | |
| 080 | |a 821.111(73)-31 |2 MRF | ||
| 080 | |a (0:82-312.5) |2 MRF | ||
| 100 | 1 | |a Hazelwood, Ali |7 xx0276081 |4 aut | |
| 240 | 1 | 0 | |a Love hypothesis. |l Česky |
| 245 | 1 | 0 | |a Hypotéza lásky / |c Ali Hazelwood ; přeložila Jana Jašová |
| 250 | |a Vydání první | ||
| 264 | 1 | |a Praha : |b Ikar, |c 2023 | |
| 300 | |a 348 stran ; |c 23 cm | ||
| 336 | |a text |b txt |2 rdacontent | ||
| 337 | |a bez média |b n |2 rdamedia | ||
| 338 | |a svazek |b nc |2 rdacarrier | ||
| 500 | |a Přeloženo z angličtiny | ||
| 520 | 2 | |a Debutový román z pera americké autorky a neurovědkyně italského původu se pokouší přiblížit a definovat "hypotézu lásky", rodící se pochopitelně v prostředí vědy a výzkumu. |b Olive je doktorandka na Stanfordu a věnuje se především svému výzkumu brzké detekce rakoviny slinivky. Na trvalé romantické vztahy příliš nevěří, zato její nejlepší kamarádka ano. A tak pokud chce přesvědčit Anh o tom, že s někým randí a její milostný život nabral správný směr, bude to chtít víc než jen běžné triky. Vědci totiž potřebují důkazy. Proto Olive, jako každá jiná sebevědomá bioložka, zpanikaří a políbí prvního muže, na kterého narazí - Adama Carlsena. Mladý, v oboru uznávaný profesor, má pověst nepřístupného a přísného školitele. Byl ten polibek tou největší chybou, kterou Olive v životě udělala, nebo se jejich setkání může vyvinout v něco víc? Nakladatelská anotace. | |
| 655 | 7 | |a americké romány |7 fd131796 |2 czenas | |
| 655 | 7 | |a milostné romány |7 fd132840 |2 czenas | |
| 655 | 9 | |a American fiction |2 eczenas | |
| 655 | 9 | |a love novels |2 eczenas | |
| 700 | 1 | |a Jašová, Jana, |d 1968- |7 jo20000080723 |4 trl | |
| 787 | 0 | 8 | |i Z cyklu: |t Hypotéza lásky |g 1 |
| 900 | |a ABA001 |b 20 | ||
| 928 | 9 | |a Euromedia Group - Ikar | |
| 044 | |a xr | ||
| 910 | |a RBIT002 | ||
| 998 | |d 367792 |a https://core.palmknihy.cz/api/books/367792/cover?rppeb9 |b https://core.palmknihy.cz/api/books/367792/cover/400?rppeb9 |c https://core.palmknihy.cz/api/books/367792/cover/50?rppeb9 |e 2027-03-07 |g 352 |i 9788024950020 |j https://core.palmknihy.cz/api/books/367792/preview.epub |l |q 49 |r 1 |s https://www.palmknihy.cz/kniha/367792 |t ebook |y 2023 |z 0 | ||
| 999 | |d 311832 | ||